000 00485nam a2200181Ia 4500
008 240925s9999 xx 000 0 und d
020 _a8120321049
082 _a621.381548 JOH
100 _aJohnson ,Curtis D.
245 0 _aProcess Control Instrumentation Technology
250 _a7th
260 _aNew Delhi:
_bPrentice Hall
_c,2004.
300 _axxix,529p.
_bNA
_fOriginal
500 _aIncludes Index
600 _aElectronic Engineering
650 _aTechnology
942 _cBK
999 _c7815
_d7815